| 000 | nam a22 7a 4500 | ||
|---|---|---|---|
| 999 |
_c15265 _d15265 |
||
| 008 | 161028b xxu||||| |||| 00| 0 eng d | ||
| 020 | _a0826402089 | ||
| 050 | _aBD 241 .H374 1985 | ||
| 100 | _aedited by Mueller-Vollmer, Kurt | ||
| 245 |
_aThe Hermeneutics Reader/ _btexts of the German tradition from the enlightenment to the present/ _cKurt Mueller-Vollmer |
||
| 260 |
_aNew York: _bContinuum, _c1985. |
||
| 300 |
_axi, 380p. : _b _c24 cm |
||
| 500 | _aIncludes index. | ||
| 650 |
_aHermeneutics. _xAddresses, essays, lectures. |
||
| 650 |
_aPhilosophy, German _xAddresses, essays, lectures. |
||
| 942 |
_2lcc _cBOOKS _hBD 241 .H374 1985 |
||